| 000 | 00353nam a2200133Ia 4500 | ||
|---|---|---|---|
| 008 | 220216s9999 xx 000 0 und d | ||
| 100 | _aReader Gail | ||
| 245 | 0 | _aMedical and anatomical models from limbs & things | |
| 260 |
_bRubber Developments _c1996 |
||
| 300 | _a10-Jul | ||
| 650 | _aMedical goods | ||
| 650 | _aNatural rubber latex | ||
| 942 | _cJS | ||
| 999 |
_c62804 _d62804 |
||